Vista normal
Vista MARC
Entrada Materia (personas)
Número de registros utilizados en: 2
001 - CONTROL NUMBER
- control field: 73084
003 - CONTROL NUMBER IDENTIFIER
- control field: Co-BoUCM
005 - DATE AND TIME OF LATEST TRANSACTION
- control field: 20151103114824.0
008 - FIXED-LENGTH DATA ELEMENTS
- fixed length control field: 151103|| aca||aabn | a|a d
040 ## - CATALOGING SOURCE
- Original cataloging agency: Co-BoUCM
- Transcribing agency: Co-BoUCM
100 ## - HEADING--PERSONAL NAME
- Personal name: Peirce, Charles Sanders
- Dates associated with a name: 1839-1914
670 ## - SOURCE DATA FOUND
- Source citation: Work cat.: (Co-BoUCM)301390: Peirce, Charles Sanders 1839-1914, La lógica considerada como semiótica el índice del pensamiento peirceano, 2007